000 01318cam a2200385 i 4500
001 68882
003 Mx-PuUPA
005 20260323133709.0
008 250821s2017 mx |||dr|||| 00| f spa d
020 _a9786072425644
020 _a9789687791760
_qde la colección El Barco de Vapor
040 _aMx-PuUPA
_bspa
_cMx-PuUPA
_dMx-PuUPA
_erda
041 0 _aspa
043 _ae-po---
100 1 _aQuezadas, Juan Carlos,
_d1970-
_913423
_eautor
245 1 0 _aDesde los ojos de un fantasma /
_cJuan Carlos Quezadas
250 _aSegunda edición
264 1 _aCiudad de México :
_bSM de Ediciones,
_c2017
300 _a213 páginas ;
_c19 cm
336 _2rdacontent
_atexto
_btxt
337 _2rdamedia
_asin medio
_bn
338 _2rdacarrier
_avolumen
_bnc
490 1 _aEl barco de vapor. Roja ;
_v54 M
500 _a"Premio El Barco de Vapor 2012". -- Portada
521 1 _a+12
650 7 _2armarc
_aLiteratura mexicana
650 7 _2armarc
_aMuchachas
_vNovelas, cuentos, etc.
650 7 _2armarc
_aMelancolía
_xLiteratura fantástica
651 4 _aFados portugal, Lisboa
_vNovela juvenil
830 0 _aBarco de vapor
_pRoja
_v54 M
_912924
942 _2ddc
_cLI
_h863
_iB2654
999 _c68882
_d68882